| 000 | 00765cam a22002411 4500 | ||
|---|---|---|---|
| 001 | agr38000895 | ||
| 003 | DLC | ||
| 005 | 20260227110957.0 | ||
| 008 | 760227s1937 it ac 000 0 ita | ||
| 010 | _aagr38000895 | ||
| 035 | _a(OCoLC)2016996 | ||
| 040 |
_aDLC _cKyLoU _dDLC |
||
| 042 | _apremarc | ||
| 050 | 0 | 0 |
_aSB278.I8 _bR6 |
| 100 | 1 |
_aRossi, Umberto, _eed. |
|
| 245 | 0 | 2 |
_aI tabacchi greggi italiani, _ca cura del dott. Umberto Rossi. |
| 260 |
_aMilano, _bIstituto grafico Vanzetti e Vanoletti, _c1937. |
||
| 300 |
_a127 p. _billus., 43 col. pl., map _c30 cm. |
||
| 500 | _aAt head of title: Ente nazionale per il tabacco. Roma. | ||
| 504 | _a"Bibliografia": p. 127-[128] | ||
| 650 | 0 |
_aTobacco _zItaly. |
|
| 610 | 2 | 0 | _aEnte nazionale per il tabacco, Roma. |
| 999 |
_c9916 _d9916 |
||